000 01310nam a22001937a 4500
008 240315e20240301xxk|||||o|||| 00| 0 eng d
041 _aeng
110 _aRoyal Institution of Chartered Surveyors
245 _aRICS Property Investment Forum
_bReport
_h[Electronic resource]
260 _aLondon,
_bRoyal Institution of Chartered Surveyors,
_cJanuary 2024
300 _a9p.
520 _aThe January 2024 meeting focused on the challenges presented by the perceived funding gap that has arisen between investors who can no longer extend loans without significant further equity and investors seeking a price that reflects a fundamental repricing of UK property investments as the cost of debt and inflation has increased and geopolitical risks have heightened. Many will be aware that the normal sources of capital that help recapitalise a market are sparse at present, especially in the listed markets. A lot of detail is reviewed and debated in the forum discussion. This publication summarises the outputs of this meeting.
650 _aPROPERTY INVESTMENT
651 _aInternational
690 _aInvestments
_96250
710 _aRoyal Institution of Chartered Surveyors
856 _uhttps://www.rics.org/news-insights/rics-property-investment-forum-2024
_zAvailable free on RICS.org
942 _n0
999 _c121854
_d121854